Statistics for Countries with Most International Borders

Click here to take the quiz!

General Stats

  • This quiz has been taken 64 times
  • The average score is 16 of 20

Answer Stats

Number of BordersCountry% Correct
14China
100%
16Russia
100%
10Brazil
98%
9Germany
95%
9Democratic Republic of Congo
93%
10France
90%
7Niger
83%
7Saudi Arabia
79%
7Iran
78%
9Serbia
78%
7Mali
76%
7Poland
76%
7Sudan
76%
8Turkey
76%
7Hungary
72%
7Ukraine
72%
8Austria
67%
8Zambia
60%
7Algeria
55%
8Tanzania
55%

Score Distribution

Percentile by Number Answered

Percent of People with Each Score

Your Score History

You have not taken this quiz